书目信息 |
| 题名: |
现代生产物流及仿真
|
|
| 作者: | 张晓萍 编著 | |
| 分册: | ||
| 出版信息: | 北京 清华大学出版社 1998 |
|
| 页数: | 12,247页 | |
| 开本: | 26cm | |
| 丛书名: | 现代工业企业自动化丛书 | |
| 单 册: | ||
| 中图分类: | F253.4 | |
| 科图分类: | 29.146 | |
| 主题词: | 物流-自动化-系统仿真 , 自动化-物流-系统仿真 , 系统仿真-自动化-物流 | |
| 电子资源: | ||
| ISBN: | 7-302-02725-0 | |
| 000 | 00781nam2 2200265 45 | |
| 001 | 0198018017 | |
| 005 | 20070613173136.59 | |
| 010 | @a7-302-02725-0@dCNY24.00 | |
| 100 | @a19980401d1998 em y0chiy0121 ea | |
| 101 | 0 | @achi |
| 102 | @aCN@b110000 | |
| 105 | @af z 000yy | |
| 200 | 10 | @a现代生产物流及仿真@Axian dai sheng chan wu liu ji fang zhen@f张晓萍等编著 |
| 210 | @a北京@c清华大学出版社@d1998 | |
| 215 | @a12,247页@c彩照@d26cm | |
| 225 | 2 | @a现代工业企业自动化丛书 |
| 410 | 0 | @120010@a现代工业企业自动化丛书 |
| 606 | @a物流-自动化-系统仿真 | |
| 606 | @a自动化-物流-系统仿真 | |
| 606 | @a系统仿真-自动化-物流 | |
| 690 | @aF253.4@v3 | |
| 692 | @a29.146@v2 | |
| 701 | 0 | @a张晓萍@Azhang xiao ping@4编著 |
| 801 | 0 | @aCN@bNLC@c20070613 |
| 905 | @a10447@dF253.4@e95 | |
| 现代生产物流及仿真/张晓萍等编著.-北京:清华大学出版社,1998 |
| 12,247页:彩照;26cm.-(现代工业企业自动化丛书) |
| ISBN 7-302-02725-0:CNY24.00 |
| ● |
| 相关链接 |
|
|
|
|
正题名:现代生产物流及仿真
索取号:F253.4/95
 
预约/预借
| 序号 | 登录号 | 条形码 | 馆藏地/架位号 | 状态 | 备注 |
| 1 | 0409183 | 204091838 | 密集书库/ [索取号:F253.4/95] | 在馆 | |
| 2 | 0409184 | 204091847 | 密集书库/ [索取号:F253.4/95] | 在馆 | |
| 3 | 0409185 | 204091856 | 密集书库/ [索取号:F253.4/95] | 在馆 | |
| 4 | 0409186 | 204091865 | 密集书库/ [索取号:F253.4/95] | 在馆 | |
| 5 | 0511271 | 205112714 | 第一样本阅览室/ [索取号:F253.4/95] | 在馆 | |
| 6 | 0644633 | 206446336 | 库房3/ [索取号:F253.4/95] | 在馆 | |
| 7 | 0644634 | 206446345 | 库房3/ [索取号:F253.4/95] | 在馆 | |
| 8 | 0644635 | 206446354 | 库房3/ [索取号:F253.4/95] | 在馆 | |
| 9 | 0644636 | 206446363 | 库房3/ [索取号:F253.4/95] | 在馆 | |
| 10 | 0644637 | 206446372 | 库房3/ [索取号:F253.4/95] | 在馆 | |
| 11 | 0644638 | 206446381 | 库房3/ [索取号:F253.4/95] | 在馆 | |
| 12 | 0644639 | 206446390 | 库房3/ [索取号:F253.4/95] | 在馆 | |
| 13 | 0644640 | 206446407 | 库房3/ [索取号:F253.4/95] | 在馆 | |
| 14 | 0644641 | 206446416 | 库房3/ [索取号:F253.4/95] | 在馆 | |
| 15 | 0644642 | 206446425 | 库房3/ [索取号:F253.4/95] | 在馆 | |
| 16 | 0644643 | 206446434 | 库房3/ [索取号:F253.4/95] | 在馆 | |
| 17 | 0644644 | 206446443 | 库房3/ [索取号:F253.4/95] | 在馆 | |
| 18 | 0644645 | 206446452 | 库房3/ [索取号:F253.4/95] | 在馆 | |
| 19 | 0644646 | 206446461 | 库房3/ [索取号:F253.4/95] | 在馆 | |
| 20 | 0644647 | 206446470 | 库房3/ [索取号:F253.4/95] | 在馆 |